Loading...
| Science - Biology | 0 | 8 | 1 | 3 | 75 | 95 | 114.25 | 1 | 8 | 0.00 | 0.00 |
| Fine Arts - Auditory | 0 | 3 | 0 | 1 | 30 | 92 | 117.00 | 2 | 3 | 0.00 | 0.00 |
| Social Science | 0 | 3 | 0 | 1 | 30 | 85 | 106.00 | 3 | 3 | 0.00 | 0.00 |
| Fine Arts - Visual | 0 | 3 | 1 | 0 | 25 | 83 | 102.00 | 2 | 3 | 0.00 | 0.00 |
| Science - Chemistry | 0 | 3 | 1 | 0 | 25 | 59 | 93.33 | 2 | 3 | 0.00 | 0.00 |
| Chemistry> | 0 | 2 | 0 | 0 | 20 | 108 | 114.00 | 0 | 2 | 0.00 | 0.00 |
| Other Arts: Visual | 1 | 0 | 0 | 0 | 15 | 57 | 57.00 | 0 | 1 | 0.00 | 0.00 |
| Other Science: Earth Science | 0 | 1 | 0 | 0 | 10 | 127 | 127.00 | 1 | 1 | 0.00 | 0.00 |
| Ancient History and Archaeology | 0 | 1 | 1 | 1 | 5 | 132 | 132.00 | 0 | 1 | 0.00 | 0.00 |
| History - American | 0 | 1 | 1 | 0 | 5 | 82 | 82.00 | 1 | 1 | 0.00 | 0.00 |